<?xml version="1.0" encoding="UTF-8"?>
<record
    xmlns:xsi="http://www.w3.org/2001/XMLSchema-instance"
    xsi:schemaLocation="http://www.loc.gov/MARC21/slim http://www.loc.gov/standards/marcxml/schema/MARC21slim.xsd"
    xmlns="http://www.loc.gov/MARC21/slim">

  <leader>02778nam a2200289 a 4500</leader>
  <controlfield tag="001">45933</controlfield>
  <controlfield tag="003">BD-RjUL</controlfield>
  <controlfield tag="005">20211209054103.0</controlfield>
  <controlfield tag="008">160729m20112010bg ||||| ||||o00| 0 ben d</controlfield>
  <datafield tag="020" ind1=" " ind2=" ">
    <subfield code="c">: Tk. 630.00 (V-1)</subfield>
  </datafield>
  <datafield tag="020" ind1=" " ind2=" ">
    <subfield code="c">: Tk. 600.00 (V-2)</subfield>
  </datafield>
  <datafield tag="035" ind1=" " ind2=" ">
    <subfield code="a">(BD-RjUL)46051</subfield>
  </datafield>
  <datafield tag="040" ind1=" " ind2=" ">
    <subfield code="a">BD-RjUL</subfield>
    <subfield code="b">ben</subfield>
    <subfield code="c">BD-RjUL</subfield>
  </datafield>
  <datafield tag="041" ind1=" " ind2=" ">
    <subfield code="a">ben</subfield>
  </datafield>
  <datafield tag="041" ind1=" " ind2=" ">
    <subfield code="a">eng</subfield>
  </datafield>
  <datafield tag="082" ind1=" " ind2=" ">
    <subfield code="2">23</subfield>
    <subfield code="a">342.068095492</subfield>
    <subfield code="b">EST 2010-2011</subfield>
  </datafield>
  <datafield tag="245" ind1=" " ind2=" ">
    <subfield code="a">&#x98F;&#x9B8;&#x9CD;&#x99F;&#x9BE;&#x9AC;&#x9CD;&#x9B2;&#x9BF;&#x9B6;&#x9AE;&#x9C7;&#x9A8;&#x9CD;&#x99F; &#x9AE;&#x9CD;&#x9AF;&#x9BE;&#x9A8;&#x9C1;&#x9AF;&#x9BC;&#x9C7;&#x9B2; /</subfield>
    <subfield code="c">&#x9B8;&#x9AE;&#x9CD;&#x9AA;&#x9BE;&#x9A6;&#x9A8;&#x9BE;&#x9AF;&#x9BC;: &#x9AC;&#x9BE;&#x982;&#x9B2;&#x9BE;&#x9A6;&#x9C7;&#x9B6;, &#x9B8;&#x982;&#x9B8;&#x9CD;&#x9A5;&#x9BE;&#x9AA;&#x9A8; (&#x99C;&#x9A8;&#x9AA;&#x9CD;&#x9B0;&#x9B6;&#x9BE;&#x9B8;&#x9A8;) &#x9AE;&#x9A8;&#x9CD;&#x9A4;&#x9CD;&#x9B0;&#x9A3;&#x9BE;&#x9B2;&#x9AF;&#x9BC;</subfield>
  </datafield>
  <datafield tag="260" ind1=" " ind2=" ">
    <subfield code="a">[&#x9A2;&#x9BE;&#x995;&#x9BE;] :</subfield>
    <subfield code="b">[&#x9AC;&#x9BE;&#x982;&#x9B2;&#x9BE;&#x9A6;&#x9C7;&#x9B6; &#x9B8;&#x9B0;&#x995;&#x9BE;&#x9B0;&#x9C0; &#x9AE;&#x9C1;&#x9A6;&#x9CD;&#x9B0;&#x9A3;&#x9BE;&#x9B2;&#x9AF;&#x9BC; ],</subfield>
    <subfield code="c">[&#x9E8;&#x9E6;&#x9E7;&#x9E6;-&#x9E8;&#x9E6;&#x9E7;&#x9E7;]</subfield>
  </datafield>
  <datafield tag="300" ind1=" " ind2=" ">
    <subfield code="a">&#x9E8; &#x996;&#x9A3;&#x9CD;&#x9A1; ;</subfield>
    <subfield code="c">&#x9E8;&#x9EB; &#x9B8;&#x9C7;&#x9AE;&#x9BF;.</subfield>
  </datafield>
  <datafield tag="500" ind1=" " ind2=" ">
    <subfield code="a">&#x9AD;&#x9B2;&#x9BF;&#x989;&#x9AE;-&#x9E7;, &#x9B8;&#x9AE;&#x9CD;&#x9AA;&#x9BE;&#x9A6;&#x9A8;&#x9BE;&#x9AF;&#x9BC;: &#x9B8;&#x982;&#x9B8;&#x9CD;&#x9A5;&#x9BE;&#x9AA;&#x9A8;  &#x9AE;&#x9A8;&#x9CD;&#x9A4;&#x9CD;&#x9B0;&#x9A3;&#x9BE;&#x9B2;&#x9AF;&#x9BC; &#x9AD;&#x9B2;&#x9BF;&#x989;&#x9AE;-&#x9E8; : &#x9B8;&#x9AE;&#x9CD;&#x9AA;&#x9BE;&#x9A6;&#x9A8;&#x9BE;&#x9AF;&#x9BC;: &#x99C;&#x9A8;&#x9AA;&#x9CD;&#x9B0;&#x9B6;&#x9BE;&#x9B8;&#x9A8; &#x9AE;&#x9A8;&#x9CD;&#x9A4;&#x9CD;&#x9B0;&#x9A3;&#x9BE;&#x9B2;&#x9AF;&#x9BC;</subfield>
  </datafield>
  <datafield tag="500" ind1=" " ind2=" ">
    <subfield code="a">&#x9AD;&#x9B2;&#x9BF;&#x989;&#x9AE;-&#x9E7; : &#x9E8;&#x9E6;&#x9E6;&#x9EF; &#x9B8;&#x9BE;&#x9B2;&#x9C7;&#x9B0; &#x9E9;&#x9E6; &#x99C;&#x9C1;&#x9A8; &#x9AA;&#x9B0;&#x9CD;&#x9AF;&#x9A8;&#x9CD;&#x9A4; &#x9B8;&#x982;&#x995;&#x9B2;&#x9BF;&#x9A4;  &#x9AD;&#x9B2;&#x9BF;&#x989;&#x9AE;-&#x9E8; : &#x9E8;&#x9E6;&#x9E7;&#x9E6; &#x9B8;&#x9BE;&#x9B2;&#x9C7;&#x9B0; &#x9E9;&#x9E6; &#x9A8;&#x9AD;&#x9C7;&#x9AE;&#x9CD;&#x9AC;&#x9B0; &#x9AA;&#x9B0;&#x9CD;&#x9AF;&#x9A8;&#x9CD;&#x9A4; &#x9B8;&#x982;&#x995;&#x9B2;&#x9BF;&#x9A4;</subfield>
  </datafield>
  <datafield tag="505" ind1="0" ind2=" ">
    <subfield code="a">&#x9AD;&#x9B2;&#x9BF;&#x989;&#x9AE;-&#x9E7;, (&#x9A8;&#x9BF;&#x9AF;&#x9BC;&#x9CB;&#x997;&#x9AC;&#x9BF;&#x9A7;&#x9BF;, &#x9A8;&#x9BF;&#x9AF;&#x9BC;&#x9CB;&#x997;, &#x9AC;&#x9A6;&#x9B2;&#x9C0;, &#x9AA;&#x9CD;&#x9B0;&#x9C7;&#x9B7;&#x9A3;, &#x9AA;&#x9CD;&#x9B0;&#x9B6;&#x9BF;&#x995;&#x9CD;&#x9B7;&#x9A3;, &#x99C;&#x9CD;&#x9AF;&#x9C7;&#x9B7;&#x9CD;&#x9A0;&#x9A4;&#x9BE;, &#x985;&#x9AC;&#x9B8;&#x9B0; &#x997;&#x9CD;&#x9B0;&#x9B9;&#x9A3; &#x993; &#x985;&#x9AC;&#x9B8;&#x9B0;&#x9AD;&#x9BE;&#x9A4;&#x9BE;, &#x9B6;&#x9C3;&#x982;&#x996;&#x9B2;&#x9BE; &#x993; &#x986;&#x99A;&#x9B0;&#x9A3;, &#x99B;&#x9C1;&#x99F;&#x9BF;, &#x9AC;&#x9BE;&#x9B8;&#x9BE; &#x9AC;&#x9B0;&#x9BE;&#x9A6;&#x9CD;&#x9A6;, &#x99A;&#x9BE;&#x995;&#x9C1;&#x9B0;&#x9C0;&#x9B0; &#x9B0;&#x9C7;&#x995;&#x9B0;&#x9CD;&#x9A1; &#x9AA;&#x9A4;&#x9CD;&#x9B0; &#x9B8;&#x982;&#x9B0;&#x995;&#x9CD;&#x9B7;&#x9A3; &#x987;&#x9A4;&#x9CD;&#x9AF;&#x9BE;&#x9A6;&#x9BF; &#x9B8;&#x9AE;&#x9CD;&#x9AA;&#x9B0;&#x9CD;&#x995;&#x9BF;&#x9A4; &#x9A8;&#x9BF;&#x9AF;&#x9BC;&#x9AE;&#x9BE;&#x9AC;&#x9B2;&#x9C0;) , &#x9E8;&#x9E6;&#x9E6;&#x9EF; &#x9B8;&#x9BE;&#x9B2;&#x9C7;&#x9B0; &#x9E9;&#x9E6; &#x99C;&#x9C1;&#x9A8; &#x9AA;&#x9B0;&#x9CD;&#x9AF;&#x9A8;&#x9CD;&#x9A4; &#x9B8;&#x982;&#x995;&#x9B2;&#x9BF;&#x9A4; -- &#x9AD;&#x9B2;&#x9BF;&#x989;&#x9AE;-&#x9E8;, (&#x9AC;&#x9C7;&#x9A4;&#x9A8;-&#x9AD;&#x9BE;&#x9A4;&#x9BE;  &#x993; &#x9B8;&#x9AE;&#x9CD;&#x9AE;&#x9BE;&#x9A8;&#x9C0;, &#x986;&#x9B0;&#x9CD;&#x9A5;&#x9BF;&#x995; &#x995;&#x9CD;&#x9B7;&#x9AE;&#x9A4;&#x9BE; &#x985;&#x9B0;&#x9CD;&#x9AA;&#x9A3;, &#x98B;&#x9A3; &#x993; &#x985;&#x997;&#x9CD;&#x9B0;&#x9BF;&#x9AE;, &#x985;&#x9AB;&#x9BF;&#x9B8; &#x989;&#x9AA;&#x995;&#x9B0;&#x9A3; &#x993; &#x9B8;&#x9B0;&#x99E;&#x9CD;&#x99C;&#x9BE;&#x9AE; &#x9AA;&#x9CD;&#x9B0;&#x9BE;&#x9AA;&#x9CD;&#x9AF;&#x9A4;&#x9BE;, &#x9B8;&#x9B0;&#x995;&#x9BE;&#x9B0;&#x9BF; &#x9AF;&#x9BE;&#x9A8;&#x9AC;&#x9BE;&#x9B9;&#x9A8; &#x995;&#x9CD;&#x9B0;&#x9AF;&#x9BC;, &#x9AA;&#x9CD;&#x9B0;&#x9BE;&#x9A7;&#x9BF;&#x995;&#x9BE;&#x9B0; &#x993; &#x9AC;&#x9CD;&#x9AF;&#x9AC;&#x9B9;&#x9BE;&#x9B0; &#x987;&#x9A4;&#x9CD;&#x9AF;&#x9BE;&#x9A6;&#x9BF; &#x9B8;&#x9AE;&#x9CD;&#x9AA;&#x9B0;&#x9CD;&#x995;&#x9BF;&#x9A4; &#x9A8;&#x9BF;&#x9AF;&#x9BC;&#x9AE;&#x9BE;&#x9AC;&#x9B2;&#x9C0;) , &#x9E8;&#x9E6;&#x9E7;&#x9E6; &#x9B8;&#x9BE;&#x9B2;&#x9C7;&#x9B0; &#x9E9;&#x9E6; &#x9A8;&#x9AD;&#x9C7;&#x9AE;&#x9CD;&#x9AC;&#x9B0; &#x9AA;&#x9B0;&#x9CD;&#x9AF;&#x9A8;&#x9CD;&#x9A4; &#x9B8;&#x982;&#x995;&#x9B2;&#x9BF;&#x9A4;.</subfield>
  </datafield>
  <datafield tag="650" ind1=" " ind2=" ">
    <subfield code="a">&#x9AA;&#x9CD;&#x9B0;&#x9B6;&#x9BE;&#x9B8;&#x9A8;&#x9BF;&#x995; &#x986;&#x987;&#x9A8;</subfield>
    <subfield code="z">&#x9AC;&#x9BE;&#x982;&#x9B2;&#x9BE;&#x9A6;&#x9C7;&#x9B6;</subfield>
    <subfield code="9">140469</subfield>
  </datafield>
  <datafield tag="650" ind1=" " ind2=" ">
    <subfield code="a">Administrative Law</subfield>
    <subfield code="z">Bangladesh</subfield>
    <subfield code="9">140470</subfield>
  </datafield>
  <datafield tag="710" ind1=" " ind2=" ">
    <subfield code="a">&#x9AC;&#x9BE;&#x982;&#x9B2;&#x9BE;&#x9A6;&#x9C7;&#x9B6; </subfield>
    <subfield code="b">&#x9B8;&#x982;&#x9B8;&#x9CD;&#x9A5;&#x9BE;&#x9AA;&#x9A8; (&#x99C;&#x9A8;&#x9AA;&#x9CD;&#x9B0;&#x9B6;&#x9BE;&#x9B8;&#x9A8;) &#x9AE;&#x9A8;&#x9CD;&#x9A4;&#x9CD;&#x9B0;&#x9A3;&#x9BE;&#x9B2;&#x9AF;&#x9BC;, &#x9B8;&#x9AE;&#x9CD;&#x9AA;&#x9BE;&#x9A6;&#x995;</subfield>
    <subfield code="9">140468</subfield>
  </datafield>
  <datafield tag="942" ind1=" " ind2=" ">
    <subfield code="2">ddc</subfield>
    <subfield code="c">BK</subfield>
  </datafield>
  <datafield tag="999" ind1=" " ind2=" ">
    <subfield code="c">45933</subfield>
    <subfield code="d">45933</subfield>
  </datafield>
  <datafield tag="952" ind1=" " ind2=" ">
    <subfield code="0">0</subfield>
    <subfield code="1">0</subfield>
    <subfield code="2">ddc</subfield>
    <subfield code="4">0</subfield>
    <subfield code="7">1</subfield>
    <subfield code="8">NFIC</subfield>
    <subfield code="a">RUCL</subfield>
    <subfield code="b">RUCL</subfield>
    <subfield code="c">Reading</subfield>
    <subfield code="d">2013-08-20</subfield>
    <subfield code="e">Dhaka, Book Syndicate</subfield>
    <subfield code="g">615.00</subfield>
    <subfield code="l">0</subfield>
    <subfield code="o">B 342.068095492 EST V-1 2010</subfield>
    <subfield code="r">2016-07-29 00:00:00</subfield>
    <subfield code="t">C-1</subfield>
    <subfield code="w">2021-12-09</subfield>
    <subfield code="y">BK</subfield>
  </datafield>
  <datafield tag="952" ind1=" " ind2=" ">
    <subfield code="0">0</subfield>
    <subfield code="1">0</subfield>
    <subfield code="2">ddc</subfield>
    <subfield code="4">0</subfield>
    <subfield code="7">0</subfield>
    <subfield code="8">NFIC</subfield>
    <subfield code="a">RUCL</subfield>
    <subfield code="b">RUCL</subfield>
    <subfield code="c">Stack</subfield>
    <subfield code="d">2013-08-20</subfield>
    <subfield code="e">Dhaka, Book Syndicate</subfield>
    <subfield code="g">615.00</subfield>
    <subfield code="l">0</subfield>
    <subfield code="o">B 342.068095492 EST V-1 2010</subfield>
    <subfield code="r">2016-07-29 00:00:00</subfield>
    <subfield code="t">C-2</subfield>
    <subfield code="w">2021-12-09</subfield>
    <subfield code="y">BK</subfield>
  </datafield>
  <datafield tag="952" ind1=" " ind2=" ">
    <subfield code="0">0</subfield>
    <subfield code="1">0</subfield>
    <subfield code="2">ddc</subfield>
    <subfield code="4">0</subfield>
    <subfield code="7">1</subfield>
    <subfield code="8">RARE</subfield>
    <subfield code="a">RUCL</subfield>
    <subfield code="b">RUCL</subfield>
    <subfield code="c">Rare</subfield>
    <subfield code="d">2013-08-20</subfield>
    <subfield code="e">Dhaka, Book Syndicate</subfield>
    <subfield code="g">615.00</subfield>
    <subfield code="l">0</subfield>
    <subfield code="o">BRA 342.068095492 EST V-1 2010</subfield>
    <subfield code="r">2016-07-29 00:00:00</subfield>
    <subfield code="t">C-3</subfield>
    <subfield code="w">2021-12-09</subfield>
    <subfield code="y">RAR</subfield>
  </datafield>
  <datafield tag="952" ind1=" " ind2=" ">
    <subfield code="0">0</subfield>
    <subfield code="1">0</subfield>
    <subfield code="2">ddc</subfield>
    <subfield code="4">0</subfield>
    <subfield code="7">1</subfield>
    <subfield code="8">NFIC</subfield>
    <subfield code="a">RUCL</subfield>
    <subfield code="b">RUCL</subfield>
    <subfield code="c">Reading</subfield>
    <subfield code="d">2013-08-20</subfield>
    <subfield code="e">Dhaka, Book Syndicate</subfield>
    <subfield code="g">615.00</subfield>
    <subfield code="l">0</subfield>
    <subfield code="o">B 342.068095492 EST V-2 2011</subfield>
    <subfield code="r">2016-07-29 00:00:00</subfield>
    <subfield code="t">C-1</subfield>
    <subfield code="w">2021-12-09</subfield>
    <subfield code="y">BK</subfield>
  </datafield>
  <datafield tag="952" ind1=" " ind2=" ">
    <subfield code="0">0</subfield>
    <subfield code="1">0</subfield>
    <subfield code="2">ddc</subfield>
    <subfield code="4">0</subfield>
    <subfield code="7">0</subfield>
    <subfield code="8">NFIC</subfield>
    <subfield code="a">RUCL</subfield>
    <subfield code="b">RUCL</subfield>
    <subfield code="c">Stack</subfield>
    <subfield code="d">2013-08-20</subfield>
    <subfield code="e">Dhaka, Book Syndicate</subfield>
    <subfield code="g">615.00</subfield>
    <subfield code="l">0</subfield>
    <subfield code="o">B 342.068095492 EST V-2 2011</subfield>
    <subfield code="r">2016-07-29 00:00:00</subfield>
    <subfield code="t">C-2</subfield>
    <subfield code="w">2021-12-09</subfield>
    <subfield code="y">BK</subfield>
  </datafield>
  <datafield tag="952" ind1=" " ind2=" ">
    <subfield code="0">0</subfield>
    <subfield code="1">0</subfield>
    <subfield code="2">ddc</subfield>
    <subfield code="4">0</subfield>
    <subfield code="7">1</subfield>
    <subfield code="8">RARE</subfield>
    <subfield code="a">RUCL</subfield>
    <subfield code="b">RUCL</subfield>
    <subfield code="c">Rare</subfield>
    <subfield code="d">2013-08-20</subfield>
    <subfield code="e">Dhaka, Book Syndicate</subfield>
    <subfield code="g">615.00</subfield>
    <subfield code="l">0</subfield>
    <subfield code="o">BRA 342.068095492 EST V-2 2011</subfield>
    <subfield code="r">2016-07-29 00:00:00</subfield>
    <subfield code="t">C-3</subfield>
    <subfield code="w">2021-12-09</subfield>
    <subfield code="y">RAR</subfield>
  </datafield>
</record>
